01013nam a2200217 a 450000100100000000500170001000800410002702000150006804000250008308200280010810000270013624500790016325000120024226000730025430000270032750000740035450502590042860000570068765000240074465000270076800001043920240412074218.0091007s1999 dr a r 000 p spa d a8492373601 aDO-SdBNPbspacBNPHU aRD861.44bM671zHa, 19991 aMir, Pedro,d1913-200010aHay un país en el mundo :bpoemas gris en varias ocasiones /cPedro Mir. a10a ed. aSanto Domingo :bComisión Permanente de la Feria del Libro,c1999. a95 p. :bil. ;c27 cm. aEdición encuadernada e ilustrada conmemorativa del 50ª aniversario0 gLiminar --tEn homenaje a Pedro Mir /rJosé Rafael Lantigua --tPedro Mir, el poeta social dominicano /rJuan Bosch --tHay un país en el mundo (Poema gris en varias ocasiones) /rPedro Mir --gPintores e ilustradores --gPedro Mir: Curriculum vitae. 0aMIR, PEDRO,d1913-2000xCRÍTICA E INTERPRETACIÓN 0aPoesía dominicana 0aLiteratura dominicana.